[Event "Wch Seniors 50 28th"]
[Site "Bled"]
[Date "2018.11.26"]
[Round "8"]
[White "Cesar, Geovanny"]
[Black "Phillips, Owen S"]
[Result "0-1"]
[WhiteElo "1862"]
[BlackElo "1894"]
[PlyCount "46"]
[EventDate "2018.11.18"]
[EventType "swiss"]
[EventRounds "11"]
[EventCountry "SLO"]
[SourceTitle "CBM 187 Extra"]
[Source "ChessBase"]
[SourceDate "2018.11.04"]
[SourceVersion "1"]
[SourceVersionDate "2018.11.04"]
[SourceQuality "1"]

1. d4 Nf6 2. c4 e5 3. d5 Bb4+ 4. Bd2 Qe7 5. a3 Bxd2+ 6. Qxd2 d6 7. Nc3 Bf5 8. Nf3 Nbd7 9. e3 0-0 10. h3 Ne4 11. Nxe4 Bxe4 12. Be2 f5 13. 0-0 Bxf3 14. Bxf3 e4 15. Be2 Rae8 16. Rae1 Qh4 17. Kh2 g5 18. g3 Qh6 19. f4 exf3 20. Bxf3 g4 21. Bg2 gxh3 22. Bxh3 Ne5 23. Rf4 Qxf4 0-1

[Event "Wch Seniors 50 28th"]
[Site "Bled"]
[Date "2018.11.25"]
[Round "7"]
[White "Theuer, Carsten"]
[Black "Cesar, Geovanny"]
[Result "1/2-1/2"]
[WhiteElo "1989"]
[BlackElo "1862"]
[PlyCount "115"]
[EventDate "2018.11.18"]
[EventType "swiss"]
[EventRounds "11"]
[EventCountry "SLO"]
[SourceTitle "CBM 187 Extra"]
[Source "ChessBase"]
[SourceDate "2018.11.04"]
[SourceVersion "1"]
[SourceVersionDate "2018.11.04"]
[SourceQuality "1"]

1. e4 c5 2. Nf3 Nc6 3. d4 cxd4 4. Nxd4 e5 5. Nb5 d6 6. N1c3 a6 7. Na3 Be6 8. Be3 Nf6 9. Be2 Be7 10. f3 0-0 11. Nc4 d5 12. exd5 Nxd5 13. Nxd5 Qxd5 14. Qxd5 Bxd5 15. Nb6 Rad8 16. a3 Be6 17. Bd3 f5 18. 0-0-0 Nd4 19. Nc4 Bf6 20. Bxd4 Rxd4 21. Nd2 Rc8 22. Kb1 b5 23. Rhe1 Rc5 24. Nf1 a5 25. Ng3 g6 26. Ne2 Rd8 27. Nc1 a4 28. Be2 Rb8 29. c3 e4 30. f4 Kf7 31. Na2 Bxa2+ 32. Kxa2 Ke6 33. Rd2 h6 34. Red1 Rb7 35. Rd6+ Kf7 36. Kb1 g5 37. fxg5 hxg5 38. R6d5 Rxd5 39. Rxd5 Ke6 40. Rxb5 Rc7 41. Ra5 Be5 42. h3 Rb7 43. Bc4+ Kf6 44. Ra6+ Kg7 45. Rxa4 Bxc3 46. b3 Rd7 47. Be6 Rd2 48. Bxf5 e3 49. Re4 e2 50. Bg4 Rd1+ 51. Kc2 e1Q 52. Rxe1 Rxe1 53. Kxc3 Kf6 54. a4 Ke5 55. a5 Kd6 56. a6 Kc7 57. Bf3 Kb6 58. Bb7 1/2-1/2

[Event "Wch Seniors 50 28th"]
[Site "Bled"]
[Date "2018.11.23"]
[Round "6"]
[White "Cesar, Geovanny"]
[Black "Horackova, Isabela"]
[Result "1-0"]
[WhiteElo "1862"]
[BlackElo "1125"]
[PlyCount "52"]
[EventDate "2018.11.18"]
[EventType "swiss"]
[EventRounds "11"]
[EventCountry "SLO"]
[SourceTitle "CBM 187 Extra"]
[Source "ChessBase"]
[SourceDate "2018.11.04"]
[SourceVersion "1"]
[SourceVersionDate "2018.11.04"]
[SourceQuality "1"]

1. d4 d5 2. c4 e6 3. Nc3 Nf6 4. Bg5 Be7 5. h3 0-0 6. c5 b6 7. b4 a6 8. e3 Bd7 9. Bd3 g6 10. Nf3 Re8 11. 0-0 Bf8 12. Ne5 Bg7 13. Ng4 Rf8 14. Qf3 Be8 15. Nxf6+ Kh8 16. Nxe8 Qxe8 17. Qf4 Qd7 18. Bf6 Bxf6 19. Qxf6+ Kg8 20. e4 Nc6 21. exd5 Nxb4 22. Be4 exd5 23. Bf3 Rae8 24. a3 Nc6 25. Nxd5 Re6 26. Qh4 Kg7 1-0

[Event "Wch Seniors 50 28th"]
[Site "Bled"]
[Date "2018.11.18"]
[Round "1"]
[White "Biro, Sandor"]
[Black "Cesar, Geovanny"]
[Result "1-0"]
[WhiteElo "2191"]
[BlackElo "1862"]
[PlyCount "78"]
[EventDate "2018.11.18"]
[EventType "swiss"]
[EventRounds "11"]
[EventCountry "SLO"]
[SourceTitle "CBM 187 Extra"]
[Source "ChessBase"]
[SourceDate "2018.11.04"]
[SourceVersion "1"]
[SourceVersionDate "2018.11.04"]
[SourceQuality "1"]

1. Nf3 d5 2. b3 Nf6 3. Bb2 c5 4. e3 a6 5. c4 e6 6. Be2 Nc6 7. 0-0 d4 8. exd4 cxd4 9. d3 Bc5 10. a3 a5 11. Nbd2 h6 12. Re1 0-0 13. Bf1 Qd6 14. Qe2 Re8 15. Ne5 Nxe5 16. Qxe5 Qb6 17. Rab1 Nd7 18. Qh5 e5 19. Nf3 Nf6 20. Qh4 Qd6 21. h3 Bd7 22. g4 Bc6 23. Qg3 Bxf3 24. Qxf3 Bxa3 25. Bxa3 Qxa3 26. Qxb7 Rab8 27. Qc6 Rxb3 28. Rxb3 Qxb3 29. Ra1 Qb4 30. Qb5 Qxb5 31. cxb5 Rb8 32. Rxa5 Nd7 33. Bg2 f6 34. Bd5+ Kf8 35. Ra7 Ke7 36. Bc6 Rd8 37. b6 Kd6 38. Bxd7 Rxd7 39. b7 Kc7 1-0

[Event "Wch Seniors 50 26th"]
[Site "Marianske Lazne"]
[Date "2016.11.27"]
[Round "8"]
[White "Molnar, Ladislav"]
[Black "Cesar, Geovanny"]
[Result "1-0"]
[WhiteElo "1738"]
[BlackElo "1942"]
[PlyCount "113"]
[EventDate "2016.11.19"]
[EventType "swiss"]
[EventRounds "11"]
[EventCountry "CZE"]
[SourceTitle "CBM 175 Extra"]
[Source "ChessBase"]
[SourceDate "2016.12.12"]
[SourceVersion "1"]
[SourceVersionDate "2016.12.12"]
[SourceQuality "1"]

1. e4 c5 2. f4 Nc6 3. Nf3 Nf6 4. Nc3 d6 5. Bc4 Bg4 6. h3 Bxf3 7. Qxf3 a6 8. a4 g6 9. d3 Bg7 10. 0-0 Rb8 11. Be3 Nd7 12. Qg3 e6 13. f5 exf5 14. exf5 Nde5 15. fxg6 hxg6 16. Bd5 Qh4 17. Qh2 Nd4 18. Bxd4 Qxd4+ 19. Kh1 f5 20. Rae1 Kd7 21. Rf4 Ng4 22. Be6+ Kc6 23. Qg3 Rbe8 24. Rxd4 Bxd4 25. Qf3+ Kc7 26. Nd5+ Kb8 27. c3 Nf2+ 28. Kh2 Ng4+ 29. Kg3 Bf2+ 30. Qxf2 Nxf2 31. Kxf2 b5 32. axb5 axb5 33. Nf6 Re7 34. Bd5 Rxe1 35. Kxe1 Kc7 36. Kd2 g5 37. Be6 f4 38. Bg4 Rh6 39. Nd5+ Kc6 40. Bf3 Kd7 41. b4 Rh8 42. c4 bxc4 43. dxc4 cxb4 44. Nxb4 Ke6 45. Bd5+ Kd7 46. Nc2 Ke7 47. Ke2 Rb8 48. Kf3 Kf6 49. Nd4 Re8 50. Nb5 Rd8 51. Kg4 Rd7 52. Nd4 Re7 53. Ne6 Rxe6 54. Bxe6 Kxe6 55. Kxg5 Ke5 56. h4 Kd4 57. h5 1-0

[Event "Wch Seniors 50 26th"]
[Site "Marianske Lazne"]
[Date "2016.11.20"]
[Round "2"]
[White "Maly, Petr"]
[Black "Cesar, Geovanny"]
[Result "1-0"]
[WhiteElo "1849"]
[BlackElo "1942"]
[PlyCount "65"]
[EventDate "2016.11.19"]
[EventType "swiss"]
[EventRounds "11"]
[EventCountry "CZE"]
[SourceTitle "CBM 175 Extra"]
[Source "ChessBase"]
[SourceDate "2016.12.12"]
[SourceVersion "1"]
[SourceVersionDate "2016.12.12"]
[SourceQuality "1"]

1. d4 d5 2. c4 c6 3. cxd5 cxd5 4. Nc3 Nf6 5. Nf3 Nc6 6. e3 a6 7. a3 Bg4 8. h3 Bh5 9. Be2 e6 10. b4 b5 11. Ne5 Bxe2 12. Nxe2 Nxe5 13. dxe5 Nd7 14. Bb2 Nb6 15. 0-0 Be7 16. Bd4 Nc4 17. Qd3 0-0 18. f4 g6 19. g4 f5 20. g5 Qb8 21. Rfb1 a5 22. Bc5 Bxc5 23. bxc5 Rc8 24. Nd4 Ra6 25. Rxb5 Qa8 26. Rab1 a4 27. c6 Raxc6 28. Nxc6 Qxc6 29. Rb8 h6 30. h4 Qc5 31. Qd4 Qc7 32. Rxc8+ Qxc8 33. Qa7 1-0

[Event "Cappelle op 30th"]
[Site "Cappelle la Grande"]
[Date "2014.03.03"]
[Round "3"]
[White "Berkovich, Mark A"]
[Black "Cesar, Geovanny"]
[Result "1-0"]
[WhiteElo "2334"]
[BlackElo "2008"]
[PlyCount "63"]
[EventDate "2014.03.01"]
[EventType "swiss"]
[EventRounds "9"]
[EventCountry "FRA"]
[SourceTitle "CBM 159 Extra"]
[Source "ChessBase"]
[SourceDate "2014.04.24"]
[SourceVersion "1"]
[SourceVersionDate "2014.04.24"]
[SourceQuality "1"]

1. Nf3 g6 2. e4 Bg7 3. d4 e6 4. Nc3 Nc6 5. d5 Ne5 6. Nd4 f5 7. f4 Nf7 8. e5 Ne7 9. dxe6 dxe6 10. Bc4 Nd5 11. Nxe6 Bxe6 12. Bxd5 Bxd5 13. Qxd5 Qxd5 14. Nxd5 0-0-0 15. Nc3 h5 16. h4 Rhe8 17. Be3 Nh6 18. Rd1 Ng4 19. Rxd8+ Rxd8 20. Ke2 Bf8 21. Rd1 Re8 22. Rd3 a6 23. Nd5 Re6 24. a4 Bh6 25. g3 a5 26. Rc3 c6 27. Nb6+ Kb8 28. Nc4 Bf8 29. Bb6 Bb4 30. Rd3 Re8 31. Rd8+ Rxd8 32. Bxd8 1-0

[Event "Calvia U2300 opB"]
[Site "Mallorca"]
[Date "2004.10.25"]
[Round "5"]
[White "Massanet Massanet, Sebastian"]
[Black "Cesar, Geovanny"]
[Result "0-1"]
[WhiteElo "2047"]
[BlackElo "2156"]
[PlyCount "140"]
[EventDate "2004.10.22"]
[EventType "swiss"]
[EventRounds "9"]
[EventCountry "ESP"]
[SourceTitle "EXT 2005"]
[Source "ChessBase"]
[SourceDate "2004.11.15"]
[SourceVersion "1"]
[SourceVersionDate "2004.11.15"]
[SourceQuality "1"]

1. e4 c5 2. Nf3 Nc6 3. d4 cxd4 4. Nxd4 Nf6 5. Nc3 e5 6. Ndb5 d6 7. Bg5 a6 8. Na3 Be6 9. Nc4 h6 10. Bxf6 Qxf6 11. Ne3 Qd8 12. Bd3 Be7 13. Ncd5 Bg5 14. c3 0-0 15. g3 Rc8 16. h4 Bxe3 17. Nxe3 Qb6 18. Qe2 Ne7 19. g4 Ng6 20. Ng2 d5 21. h5 dxe4 22. Bxe4 Nf4 23. Nxf4 exf4 24. g5 hxg5 25. h6 g6 26. Bxg6 Bc4 27. Qe5 f6 28. Qe7 Qe6+ 29. Qxe6+ Bxe6 30. Kd2 Bf7 31. Bd3 Rcd8 32. Kc2 b5 33. b4 Rfe8 34. a4 Bc4 35. Bxc4+ bxc4 36. Rhe1 Kh7 37. Rxe8 Rxe8 38. Kd2 Rd8+ 39. Ke2 Rd3 40. Rd1 f3+ 41. Ke1 Rxc3 42. Rd6 Rb3 43. Rxf6 g4 44. Rxa6 c3 45. Kd1 Rxb4 46. Rc6 Rxa4 47. Rxc3 Kxh6 48. Kd2 Kg5 49. Ke3 Kh4 50. Rc1 Kh3 51. Rg1 Kh4 52. Rd1 Ra8 53. Rd4 Re8+ 54. Kf4 Rf8+ 55. Ke3 Kh3 56. Rd1 Kg2 57. Rd2 Rf7 58. Rc2 Re7+ 59. Kf4 Re2 60. Rc3 Kh3 61. Rc6 Rxf2 62. Rh6+ Kg2 63. Rg6 Ra2 64. Rxg4+ Kf2 65. Kg5 Ke3 66. Rf4 Rg2+ 67. Kf5 f2 68. Re4+ Kf3 69. Rf4+ Kg3 70. Ke4 Rg1 0-1

[Event "Balaguer op"]
[Site "Balaguer"]
[Date "2003.07.21"]
[Round "7"]
[White "Cesar, Geovanny"]
[Black "Bruned, Boris"]
[Result "0-1"]
[WhiteElo "2197"]
[BlackElo "2075"]
[PlyCount "28"]
[EventDate "2003.07.14"]
[EventType "swiss"]
[EventRounds "9"]
[EventCountry "ESP"]
[SourceTitle "CBM 095 Extra"]
[Source "ChessBase"]
[SourceDate "2003.09.04"]
[SourceVersion "1"]
[SourceVersionDate "2003.09.04"]
[SourceQuality "1"]

1. d4 Nf6 2. c4 e6 3. Nc3 Bb4 4. Nf3 0-0 5. a3 Bxc3+ 6. bxc3 c5 7. Qc2 Nc6 8. e4 d5 9. cxd5 exd5 10. e5 Ne4 11. Nd2 cxd4 12. Nxe4 dxe4 13. cxd4 Nxd4 14. Qxe4 Bf5 0-1

[Event "Andorra op 21st"]
[Site "Andorra"]
[Date "2003.07.12"]
[Round "8"]
[White "Holmsgaard, Henrik"]
[Black "Cesar, Geovanny"]
[Result "1-0"]
[WhiteElo "2275"]
[BlackElo "2175"]
[PlyCount "121"]
[EventDate "2003.07.05"]
[EventType "swiss"]
[EventRounds "9"]
[EventCountry "AND"]
[SourceTitle "CBM 095 Extra"]
[Source "ChessBase"]
[SourceDate "2003.09.04"]
[SourceVersion "1"]
[SourceVersionDate "2003.09.04"]
[SourceQuality "1"]

1. e4 c5 2. Nf3 Nc6 3. d4 cxd4 4. Nxd4 Nf6 5. Nc3 e5 6. Ndb5 d6 7. Bg5 a6 8. Na3 Be6 9. Nc4 h6 10. Bxf6 Qxf6 11. Nb6 Rb8 12. Ncd5 Qd8 13. c3 Be7 14. Bc4 0-0 15. 0-0 Re8 16. a4 Bf8 17. b4 Ne7 18. a5 Nxd5 19. Bxd5 Qc7 20. Qb3 Kh8 21. Rac1 Qe7 22. c4 Qg5 23. Qd3 h5 24. Rc3 h4 25. h3 Be7 26. Rd1 Red8 27. Qe2 Qg6 28. Kh1 Bd7 29. Rf3 Be6 30. Rfd3 Bd7 31. Qd2 Be6 32. Qa2 f5 33. Qe2 f4 34. Bxe6 Qxe6 35. f3 g5 36. R3d2 Qf7 37. Qd3 Qe6 38. Qd5 Qxd5 39. Rxd5 Kg7 40. Kg1 Kf6 41. Kf2 Ke6 42. Ke2 Rg8 43. R1d3 Rg7 44. Kd2 Bf8 45. Kc2 Rc7 46. Kb3 Rc6 47. Ka4 Be7 48. Rd2 Bd8 49. b5 Bxb6 50. bxc6 Bd4 51. R2xd4 exd4 52. c7 Rc8 53. Kb4 Rxc7 54. Rxd4 Rc5 55. Rd5 Rxd5 56. exd5+ Kd7 57. c5 Kc7 58. Kc4 Kd7 59. cxd6 Kxd6 60. Kd4 b6 61. axb6 1-0

[Event "Andorra op 21st"]
[Site "Andorra"]
[Date "2003.07.08"]
[Round "4"]
[White "Guerra Bastida, Diego"]
[Black "Cesar, Geovanny"]
[Result "1-0"]
[WhiteElo "2405"]
[BlackElo "2175"]
[PlyCount "37"]
[EventDate "2003.07.05"]
[EventType "swiss"]
[EventRounds "9"]
[EventCountry "AND"]
[SourceTitle "CBM 095 Extra"]
[Source "ChessBase"]
[SourceDate "2003.09.04"]
[SourceVersion "1"]
[SourceVersionDate "2003.09.04"]
[SourceQuality "1"]

1. e4 c5 2. Nf3 Nc6 3. d4 cxd4 4. Nxd4 Nf6 5. Nc3 e5 6. Ndb5 d6 7. Nd5 Nxd5 8. exd5 Ne7 9. c4 Ng6 10. h4 Be7 11. h5 Nf8 12. c5 a6 13. cxd6 Bxd6 14. Qa4 Ke7 15. Bd2 Nd7 16. Nxd6 Kxd6 17. Bb4+ Nc5 18. Rc1 b6 19. Rxc5 1-0

[Event "Andorra op 21st"]
[Site "Andorra"]
[Date "2003.07.06"]
[Round "2"]
[White "Van Blitterswijk, Stefan"]
[Black "Cesar, Geovanny"]
[Result "1-0"]
[WhiteElo "2410"]
[BlackElo "2175"]
[PlyCount "67"]
[EventDate "2003.07.05"]
[EventType "swiss"]
[EventRounds "9"]
[EventCountry "AND"]
[SourceTitle "CBM 095 Extra"]
[Source "ChessBase"]
[SourceDate "2003.09.04"]
[SourceVersion "1"]
[SourceVersionDate "2003.09.04"]
[SourceQuality "1"]

1. e4 c5 2. Nf3 Nc6 3. d4 cxd4 4. Nxd4 Nf6 5. Nc3 e5 6. Ndb5 d6 7. Bg5 a6 8. Na3 Be6 9. Nc4 Be7 10. Bxf6 gxf6 11. Ne3 0-0 12. Bd3 Kh8 13. 0-0 Rg8 14. Ncd5 Rg6 15. c3 Qg8 16. Qf3 Rd8 17. Rad1 Qg7 18. Rfe1 Rg8 19. Bf1 Bd8 20. g3 Rg5 21. Bg2 h5 22. h4 Rg4 23. Kf1 Qg6 24. Rd2 Qh6 25. Rd3 R4g6 26. Nf5 Bxf5 27. Qxf5 Qf8 28. Qxh5+ Kg7 29. Ne3 Rh8 30. Nf5+ Kg8 31. Qf3 Bc7 32. Red1 Ne7 33. Nxd6 Qg7 34. Ne8 1-0